| 000 | 00649nam a22002177a 4500 | ||
|---|---|---|---|
| 942 | _cBK | ||
| 999 |
_c579 _d579 |
||
| 005 | 20250420134817.0 | ||
| 008 | 200810b ||||| |||| 00| 0 eng d | ||
| 020 | _a9781289094859 | ||
| 040 | _cKCST | ||
| 082 |
_a530 _bGr Ph |
||
| 100 |
_aGriffith, W Thomas _94973 |
||
| 245 |
_aThe physics of every phenomena : _ba conceptual introduction to physics / _cW Thomas Griffith; Juliet Wain Brosing |
||
| 250 |
_a8th edition _bInt. student edition |
||
| 260 |
_aNew York: _bMcGraw-Hill, _c2015. |
||
| 300 | _ap. | ||
| 650 |
_aPhysics _vTextbooks _9638 |
||
| 655 |
_aTextbooks _94759 |
||
| 700 |
_aBrosing, Juliet W. _94974 |
||
| 942 | _2ddc | ||